000
00291nam a2200133Ia 4500
100
_a
Grant/ H.E.
942
_c
BK
654
_a
Jigs And fixtures
245
_a
Jigs and fixtures
260
_b
Tata Mc Graw hill
_a
NEW DELHI
_c
1979
082
_a
621.9
_b
Jos
546
_a
ENGLISH
999
_c
18852
_d
18852